00529nam a2200169Ia 4500008004100000041001200041082001200053100003700065245006600102365000800168520001300176546001200189630006600201650001300267655001300280730006600293101110s9999 xx 000 0 und d aENGLISH bSR23747 aMaheshwari S.N., Maheshwari S.K. aProblems and Solution in Adv. Accountancy Vol 1 - 5th Edition b250 aCommerce aENGLISH aProblems and Solution in Adv. Accountancy Vol 1 - 5th Edition aCommerce aCommerce aProblems and Solution in Adv. Accountancy Vol 1 - 5th Edition